Statistieken voor Colombia Trivia Quiz

Klik hier om de quiz te nemen!

Algemene statistieken

  • Deze quiz is 360 keer genomen
  • De gemiddelde score is 13 van 18

Antwoordstatistieken

HintAntwoord% Correct
Officiële taalSpaans
98%
Landen die aan Colombia grenzenVenezuela
98%
Landen die aan Colombia grenzenBrazilië
97%
Landen die aan Colombia grenzenEcuador
96%
Landen die aan Colombia grenzenPeru
96%
Hoofdstad van ColombiaBogota
90%
Landen die aan Colombia grenzenPanama
90%
Colombia ligt op deze belangrijke breedtegraadDe Evenaar
80%
Beroemde drugsbaron uit die stad die voor zijn dood $ 30 miljard waard wasPablo Escobar
78%
Popzangeres wiens heupen niet liegenShakira
78%
ValutaPeso
73%
Colombia krijgt meer van dit dan elk ander land ter wereld, 324cm per jaarRegen
73%
Noordoost-Colombia grenst deze zeeCaribische Zee
70%
Op één na meest bevolkte stadMedellín
66%
De eerste president van dat land, bekend als "De Bevrijder"Simón Bolívar
41%
Voormalig land (1819-1830) bestaande uit Colombia en haar buurlanden{Groot}-Colombia
40%
Op twee na meest bevolkte stadSantiago de {Cali}
37%
Nobelprijs-winnende auteur van "Honderd jaar eenzaamheid"Gabriel García
Márquez
30%

Scoreverdeling

Percentiel versus Aantal Correcte Antwoorden

Procent van Mensen met Elke Score

Uw Scoregeschiedenis

U heeft deze quiz nog niet genomen